000 00793nam a22002057a 4500
999 _c1336
_d1336
003 AR-CdUCM
008 190226b ||||| |||| 00| 0 spa d
040 _aMUNICIPALIDAD PROVINCIAL DEL CUSCO
_cBIBLIOTECA MUNICIPAL DEL CUSCO
082 _a330.940 /
_bH74
100 _aHoover, Calvin B.
_95125
245 _aLa economía, la libertad y el estado /
260 _aBuenos Aires :
_bEditorial Víctor Leru S.R.L.;
_c1960.
300 _a372 paginas ;
_c23 cm.
505 _aEl viejo capitalismo -- El sistema económico británico -- El sistema totalitario soviético después de Stalin -- Desarrollo de la economía soviética ...
650 _aEconomía mundial
_95126
650 _aEconomía mixta
_95127
650 _aSupervivencia
_95128
942 _2ddc
_cLIBROS
945 _arum
_d2019-02-26